Представление документа в формате RUSMARC

ПолеНазваниеЗначение
  Тип записи a
  Библиографический уровень m
001 Контрольный номер RU/IS/BASE/234542650
005 Дата корректировки 20210621103137.3
010 Индекс ISBN __
a ISBN 5-88816-012-1
d Цена 50-50
200 Заглавие и сведения об ответственности 1_
a Заглавие Туберкулез
f Первые сведения об ответственности А. А. Визель, М. Э. Гурылева
g Последующие сведения об ответственности Под ред. М. И. Перельмана
210 Выходные данные 1_
a Место издания М.
c Издательство Гэотар
c Издательство Медицина
d Дата издания 2000
215 Физическое описание __
a Объем 204, [4] с.
225 Серия (Журнальная рубрика) 2_
a Серия (Журнальная рубрика) В помощь практикующему врачу
318 Примечание о действии __
a Действие п
320 Библиография __
a Библиография Библиогр.: с. 203-204
330 Аннотация __
a Аннотация Изложены основные положения отечественной фтизиатрии и принципы оказания помощи больным туберкулезом. Книга позволяет познакомиться с этиологией, патагенезом, клиническими формами и диагностикой туберкулеза. Изложены принципы этиотропного и патогенетического лечения заболевания.
606 Тематические рубрики __
a Основная рубрика медицина
608 Указатель предметных рубрик __
a Жанр/форма учебно-практическое издание
610 Ключевые слова 0_
a Ключевые слова туберкулез
a Ключевые слова фтизиатрия
a Ключевые слова эпидемиология
a Ключевые слова туберкулинодиагностика
a Ключевые слова туберкулема
686 Индексы других классификаций __
a Индекс ББК 55.4
700 Автор _1
a Фамилия Визель
b Имя А. А.
701 Альтернативная интеллектуальная ответственность (другие авторы) _1
a Фамилия Гурылева
b Имя М. Э.
801 Источник записи _0
a Страна RU
b Организация ЦРБ, Сургут
g Правила каталогизации ОКиО/Сычева
801 Источник записи _1
a Страна RU
b Организация ЦРБ, Сургут
g Правила каталогизации ОКиО/Сычева
852 Данные о местонахождении __
j Шифр хранения 55.4
i Авторский знак В 428
p Инвентарный номер 82947
b Сигла хранения ООЧ; 8; 26; 29
901 Тип документа __
t Тип документа m
990 Данные о заказе (DOS) __
h N записи в КСУ для Б/У (DOS) 2004-4
j Количество экземпляров (DOS) 4